Quiz histoire alphabet #3 - Statistiques

Statistiques générales
  • Ce quiz a été pris 110 fois
  • Le résultat moyen est 13 sur 26
Statistiques - réponses
Lettre Indice Réponse % Correct
A Chaîne de montagne entre la France et l'Italie qu'Hannibal aurait franchit avec ses éléphants afin d'assiéger Rome Alpes
99%
D Pays scandinave envahit par l'Allemagne nazie en 1940 Danemark
95%
R Terme allemand signifiant "Empire". Hitler était à la tête du troisième Reich
88%
L Pays balte dont la capitale est Riga Lettonie
86%
J Capitale de l'Indonésie Jakarta
85%
I Un des deux récits épiques contés par Homère Iliade
80%
P Canal en Amérique centrale reliant les océans Atlantique et Pacifique Panama
80%
G Cosmonaute soviétique, premier homme dans l'espace en 1961 Youri Gagarine
74%
N Empereur romain ayant accusé les chrétiens de la responsabilité du Grand Incendie de Rome Néron
69%
Z Ancien pays d'Afrique désormais connu sous le nom de République Démocratique du Congo Zaïre
66%
Y Conférence de 1945 entre Staline, Roosevelt et Churchill pour adopter une stratégie commune afin de hâter la fin de la Seconde Guerre mondiale Yalta
64%
E Ancien nom de Tokyo Edo
57%
F Président de la Troisième République française mort avec sa maîtresse Félix Faure
49%
M Archipel britannique revendiqué par l'Argentine amenant à un conflit entre les deux nations Malouines
48%
S Peuple d'Europe de l'Est et des Balkans utilisant principalement l'alphabet cyrillique et de majorité orthodoxe Slaves
46%
Q Dans la mythologie aztèque c'est le roi serpent à plumes Quetzalcoatl
42%
H Célèbre famille ayant diriger le Saint Empire Romain Germanique Habsbourg
36%
W Région de Prusse qui à donner son nom à un traité mettant fin à la guerre de Trente Ans en octobre 1648 Westphalie
35%
B Code d'honneur du samouraï Bushido
31%
O Terme désignant une région/subdivision d'un territoire en Russie Oblast
24%
C Dictateur communiste roumain exécuté en 1989 Nicolae Ceausescu
23%
V Ancien bagnard français devenu agent de police Eugène-François Vidocq
20%
T Empereur romain ayant régner durant l'apogée de l'Empire Trajan
14%
X Homme d'Etat chinois à partir de 1978 ayant moderniser la Chine notamment grâce à ses Quatre Modernisations Deng Xiaoping
12%
K Régime communiste instauré par les Khmers Rouges Kampuchéa
8%
U Figure mythologique nordique associée à la chasse et l'hiver Ull
4%
Aucun quiz correspondant
Distribution des résultats
% des personnes avec chaque résultat
Percentile par nombre de réponses
Votre historique - résultats
Vous n’avez pas pris ce quiz